000 00523nam a2200181 4500
001 2602
005 20181127165341.0
020 _a9788173715969
_c
_z
020 0 0 _a9788173715969
090 0 0 _a352.3 A261e 2009
245 0 0 _aE-governance :
_bcase studies /
_cAshok Agarwal, editor.
_h
250 0 0 _a1st ed.
260 0 0 _aHyderabad :
_bUniversities Press,
_c2009.
300 0 0 _aviii, 436 p.
650 0 0 _aCommunity information services.
_x
650 0 0 _aInformation technology.
_x
650 0 0 _aInternet in public administration.
_x
999 _c2067
_d2067